[Event "4. Open Hotel Avenida de Canarias 2010"]
[Site "Vecindario ESP"]
[Date "2010.07.22"]
[Round "6.20"]
[White "Morales Camacho, Julian"]
[Black "Rojas Mirabal, Pedro"]
[Result "1-0"]
[WhiteElo "2223"]
[BlackElo "1996"]
[PlyCount "91"]
[EventDate "2010.07.18"]
[EventType "swiss"]
[EventRounds "9"]
[EventCountry "ESP"]
[Source "lmi"]
[SourceDate "2010.07.18"]

1. d4 Nf6 2. c4 g6 3. Nc3 Bg7 4. e4 d6 5. Bd3 O-O 6. Nge2 e5 7. d5 Nbd7 8. Ng3
Nc5 9. Be2 c6 10. b4 Na6 11. Rb1 c5 12. a3 h5 13. Bg5 cxb4 14. axb4 Qd7 15. Qd2
Kh7 16. O-O Ng8 17. Rfc1 f6 18. Be3 h4 19. Nf1 f5 20. exf5 gxf5 21. f4 Qe7 22.
h3 Bd7 23. Nh2 Rae8 24. Re1 Qf6 25. Nf3 exf4 26. Bd4 Qh6 27. c5 Nf6 28. Bxa6
Ne4 29. Qc1 Bxd4+ 30. Nxd4 Qf6 31. Nce2 f3 32. Nxf3 bxa6 33. c6 Bc8 34. Qf4 Rg8
35. Qxh4+ Qxh4 36. Nxh4 Nd2 37. Rbd1 Re4 38. Rxd2 Rxh4 39. Rd4 f4 40. Kf2 Rf8
41. Kf3 Bxh3 42. gxh3 Rxh3+ 43. Kg4 Re3 44. Rh1+ Kg7 45. Nxf4 Rf6 46. Nh5+ 1-0

[Event "4. Open Hotel Avenida de Canarias 2010"]
[Site "Vecindario ESP"]
[Date "2010.07.22"]
[Round "6.21"]
[White "Mayor Gonzalez, Julio"]
[Black "Trujillo Alvarado, Ivan"]
[Result "0-1"]
[WhiteElo "1918"]
[BlackElo "2196"]
[PlyCount "92"]
[EventDate "2010.07.18"]
[EventType "swiss"]
[EventRounds "9"]
[EventCountry "ESP"]
[Source "lmi"]
[SourceDate "2010.07.18"]

1. d4 Nf6 2. Nf3 g6 3. g3 Bg7 4. Bg2 O-O 5. O-O d6 6. b3 a5 7. a3 e5 8. c4 exd4
9. Nxd4 Nfd7 10. Ra2 Ne5 11. Rc2 Nbc6 12. Nb5 a4 13. b4 Be6 14. Nd2 Qd7 15. Bh1
Bf5 16. e4 Bg4 17. f3 Bh3 18. Bg2 Bxg2 19. Kxg2 Nd3 20. Nb1 Nxc1 21. Rxc1 Ne5
22. Qd2 Rfc8 23. Nd4 c5 24. Nb5 Nxc4 25. Rxc4 Qxb5 26. Rfc1 Rc6 27. Qd5 Rac8
28. Nc3 Bxc3 29. R1xc3 Qb6 30. Qd1 Qa6 31. b5 Qxb5 32. Qxa4 Qa6 33. Qxa6 Rxa6
34. a4 f6 35. f4 Kf7 36. e5 fxe5 37. fxe5 Ke6 38. exd6 Kxd6 39. Rd3+ Kc6 40.
Re4 Kb6 41. Rc4 Kc7 42. Rb3 Kc6 43. Kf3 Rc7 44. Kf4 Kd5 45. Rbc3 Kc6 46. Kf3
Ra7 0-1

[Event "4. Open Hotel Avenida de Canarias 2010"]
[Site "Vecindario ESP"]
[Date "2010.07.22"]
[Round "6.22"]
[White "Cruz Pino, Adrian"]
[Black "Bressac, Stephane"]
[Result "0-1"]
[WhiteElo "1871"]
[BlackElo "2190"]
[PlyCount "152"]
[EventDate "2010.07.18"]
[EventType "swiss"]
[EventRounds "9"]
[EventCountry "ESP"]
[Source "lmi"]
[SourceDate "2010.07.18"]

1. e4 c5 2. Nf3 d6 3. d4 cxd4 4. Nxd4 Nf6 5. Nc3 a6 6. h3 e6 7. g4 b5 8. Bg2
Bb7 9. g5 Nfd7 10. a3 Be7 11. f4 Nc6 12. e5 d5 13. Be3 Nxd4 14. Bxd4 h6 15. h4
hxg5 16. hxg5 Rxh1+ 17. Bxh1 Qc7 18. Qd2 O-O-O 19. Ne2 Kb8 20. b4 Rh8 21. O-O-O
Rh2 22. Qd3 Qc4 23. Qxc4 dxc4 24. Bxb7 Kxb7 25. Bg1 Rxe2 26. Rxd7+ Kc6 27. Rxe7
Re1+ 28. Kb2 Rxg1 29. Rxf7 Rg4 30. Rxg7 Rxf4 31. Ra7 Kd5 32. Rxa6 Kxe5 33. Rb6
Rf1 34. Rxb5+ Kd4 35. Rc5 e5 36. c3+ Kd3 37. Rd5+ Ke4 38. Rd2 Rg1 39. a4 Rxg5
40. a5 Ke3 41. Rd1 Rg2+ 42. Kb1 e4 43. a6 Rg6 44. b5 Rg5 45. Kc2 Rxb5 46. Ra1
Rb8 47. Re1+ Kf3 48. a7 Ra8 49. Rf1+ Ke2 50. Rf7 e3 51. Re7 Kf2 52. Rf7+ Ke1
53. Re7 e2 54. Rf7 Rd8 55. Rf4 Ra8 56. Rf7 Rd8 57. Rf4 Rd2+ 58. Kb1 Rd1+ 59.
Kb2 Rd2+ 60. Kb1 Rd8 61. Kc2 Rc8 62. Rf7 Ra8 63. Re7 Rf8 64. Rb7 Kf2 65. Rb8
Rf7 66. a8=Q e1=Q 67. Re8 Qf1 68. Qe4 Rf3 69. Qd4+ Re3 70. Qd2+ Kg1 71. Rg8+
Kh1 72. Rh8+ Rh3 73. Rxh3+ Qxh3 74. Qd5+ Qg2+ 75. Qd2 Kg1 76. Qxg2+ Kxg2 0-1

[Event "4. Open Hotel Avenida de Canarias 2010"]
[Site "Vecindario ESP"]
[Date "2010.07.22"]
[Round "6.23"]
[White "Estevez Hernandez, Cristo"]
[Black "Stojanovic, Marija R"]
[Result "1/2-1/2"]
[WhiteElo "1870"]
[BlackElo "2151"]
[PlyCount "20"]
[EventDate "2010.07.18"]
[EventType "swiss"]
[EventRounds "9"]
[EventCountry "ESP"]
[Source "lmi"]
[SourceDate "2010.07.18"]

1. d4 Nf6 2. c4 e6 3. Nc3 Bb4 4. Qc2 O-O 5. Nf3 c5 6. Bg5 cxd4 7. Nxd4 Qa5 8.
Bxf6 Bxc3+ 9. bxc3 gxf6 10. e3 Nc6 1/2-1/2

[Event "4. Open Hotel Avenida de Canarias 2010"]
[Site "Vecindario ESP"]
[Date "2010.07.22"]
[Round "6.24"]
[White "Marrero Lopez, Agustin"]
[Black "Villavicencio Martinez, Carlos"]
[Result "0-1"]
[WhiteElo "1869"]
[BlackElo "2134"]
[PlyCount "106"]
[EventDate "2010.07.18"]
[EventType "swiss"]
[EventRounds "9"]
[EventCountry "ESP"]
[Source "lmi"]
[SourceDate "2010.07.18"]

1. d4 d5 2. c4 e6 3. Nc3 Nf6 4. cxd5 exd5 5. g3 Be7 6. Bg2 O-O 7. Bd2 Re8 8. e3
c6 9. Nf3 Bf5 10. O-O Nbd7 11. Re1 h6 12. Qb3 Qb6 13. Qxb6 axb6 14. a3 b5 15.
Na2 Ne4 16. Bb4 Bxb4 17. Nxb4 Nb6 18. Bf1 Nc4 19. Bxc4 bxc4 20. Nh4 Bh7 21. f3
Nd2 22. Kf2 Ra4 23. Rac1 h5 24. h3 g5 25. Ng2 f6 26. Re2 Nb3 27. Rc3 Kg7 28.
Re1 Raa8 29. Rd1 Re7 30. Ne1 Rae8 31. Nec2 Bf5 32. g4 Bg6 33. Na1 Na5 34. Nac2
Rh8 35. Rh1 hxg4 36. fxg4 Nb3 37. Ne1 Nd2 38. Rc1 Ne4+ 39. Kf3 f5 40. gxf5 Bxf5
41. Kg2 Nd2 42. Kf2 Bxh3 43. Rg1 g4 44. Rc2 Ne4+ 45. Ke2 g3 46. Kd1 Bg4+ 47.
Kc1 Rf7 48. Kb1 Kf8 49. Ng2 Rf2 50. Nf4 Bf5 51. Ka1 Rhh2 52. Rg2 Rhxg2 53. Nxg2
Nd2 0-1

[Event "4. Open Hotel Avenida de Canarias 2010"]
[Site "Vecindario ESP"]
[Date "2010.07.22"]
[Round "6.25"]
[White "Gonzalez Perez, Lutgarda"]
[Black "Buet, Samuel"]
[Result "1-0"]
[WhiteElo "2133"]
[BlackElo "1858"]
[PlyCount "57"]
[EventDate "2010.07.18"]
[EventType "swiss"]
[EventRounds "9"]
[EventCountry "ESP"]
[Source "lmi"]
[SourceDate "2010.07.18"]

1. d4 c5 2. c3 cxd4 3. cxd4 d5 4. Nf3 e6 5. Nc3 Nf6 6. Bf4 Nc6 7. e3 a6 8. Bd3
Be7 9. h3 Bd7 10. O-O O-O 11. Rc1 Nh5 12. Bh2 f5 13. Ne5 Nxe5 14. Bxe5 Qe8 15.
Ne2 Bc6 16. Nf4 Nxf4 17. exf4 g5 18. fxg5 Bxg5 19. Rc2 Bf6 20. Re1 Bxe5 21.
Rxe5 Rf6 22. Rce2 Qg6 23. Qe1 Kf7 24. Qa5 h5 25. Qc7+ Kg8 26. R5e3 h4 27. Qf4
Kg7 28. Qxh4 Rh8 29. Qf4 1-0

[Event "4. Open Hotel Avenida de Canarias 2010"]
[Site "Vecindario ESP"]
[Date "2010.07.22"]
[Round "6.26"]
[White "Diaz Suarez, Cayetano"]
[Black "Fidalgo Fernandez, Lucia"]
[Result "0-1"]
[WhiteElo "1847"]
[BlackElo "2102"]
[PlyCount "74"]
[EventDate "2010.07.18"]
[EventType "swiss"]
[EventRounds "9"]
[EventCountry "ESP"]
[Source "lmi"]
[SourceDate "2010.07.18"]

1. e4 c5 2. Nc3 Nc6 3. g3 g6 4. Bg2 Bg7 5. d3 d6 6. Be3 e6 7. Nh3 Nge7 8. O-O
Rb8 9. Qd2 Nd4 10. Nd1 O-O 11. c3 Ndc6 12. Bh6 e5 13. Bxg7 Kxg7 14. f4 f5 15.
Ne3 Bd7 16. Nc4 Qc7 17. Rae1 b5 18. Ne3 b4 19. Nc4 h6 20. Qe3 fxe4 21. dxe4 Be6
22. Qe2 bxc3 23. bxc3 Qd7 24. fxe5 Bxh3 25. Bxh3 Qxh3 26. exd6 Ng8 27. Rxf8
Rxf8 28. e5 Qe6 29. Qe4 Nb8 30. Qb7+ Nd7 31. Qxa7 Qf5 32. Rc1 Rf7 33. Qa8 Nxe5
34. Nxe5 Qxe5 35. d7 Qe3+ 36. Kg2 Rf2+ 37. Kh3 Qe6+ 0-1

[Event "4. Open Hotel Avenida de Canarias 2010"]
[Site "Vecindario ESP"]
[Date "2010.07.22"]
[Round "6.28"]
[White "Leon Varela, Luis"]
[Black "Perez Castellano, Susana"]
[Result "1-0"]
[WhiteElo "2170"]
[BlackElo "1794"]
[PlyCount "59"]
[EventDate "2010.07.18"]
[EventType "swiss"]
[EventRounds "9"]
[EventCountry "ESP"]
[Source "lmi"]
[SourceDate "2010.07.18"]

1. Nf3 Nf6 2. c4 c5 3. Nc3 Nc6 4. g3 g6 5. Bg2 Bg7 6. O-O O-O 7. d3 d6 8. Rb1
Rb8 9. a3 b6 10. Bd2 Bb7 11. b4 Ba8 12. Ne1 Qd7 13. Qa4 e6 14. Nc2 Rfc8 15.
Rfc1 Ne8 16. e3 Rd8 17. f4 Nf6 18. Ne1 Ng4 19. Qd1 Nf6 20. Qe2 Qe7 21. Bf3 d5
22. cxd5 Nxd5 23. bxc5 Nxc3 24. Bxc3 Bxc3 25. Rxc3 bxc5 26. Rbc1 Rb5 27. d4 Ra5
28. Rxc5 Rxc5 29. Rxc5 Qd6 30. Qg2 1-0

[Event "4. Open Hotel Avenida de Canarias 2010"]
[Site "Vecindario ESP"]
[Date "2010.07.22"]
[Round "6.29"]
[White "Gonzalez Intelangelo, Gerardo"]
[Black "Monzon Aleman, Ayoze"]
[Result "1/2-1/2"]
[WhiteElo "2104"]
[BlackElo "1750"]
[PlyCount "36"]
[EventDate "2010.07.18"]
[EventType "swiss"]
[EventRounds "9"]
[EventCountry "ESP"]
[Source "lmi"]
[SourceDate "2010.07.18"]

1. c4 e5 2. Nc3 Nf6 3. Nf3 Nc6 4. d3 d6 5. g3 Be6 6. Bg2 Qd7 7. h3 h6 8. a3 Be7
9. b4 Rb8 10. Be3 e4 11. dxe4 Bxc4 12. O-O a6 13. Qc2 Be6 14. Kh2 g5 15. Nd2
Ne5 16. Nd5 Bxd5 17. exd5 h5 18. Rh1 h4 1/2-1/2

[Event "4. Open Hotel Avenida de Canarias 2010"]
[Site "Vecindario ESP"]
[Date "2010.07.22"]
[Round "6.30"]
[White "Rodrigo Yanguas, Maria"]
[Black "Aguila Hernandez, Eduardo"]
[Result "1-0"]
[WhiteElo "2092"]
[BlackElo "1734"]
[PlyCount "89"]
[EventDate "2010.07.18"]
[EventType "swiss"]
[EventRounds "9"]
[EventCountry "ESP"]
[Source "lmi"]
[SourceDate "2010.07.18"]

1. e4 e5 2. Nf3 Nc6 3. d4 exd4 4. Nxd4 Nf6 5. Nxc6 bxc6 6. e5 Ne4 7. Be2 Bc5 8.
O-O Qe7 9. Bd3 Nxf2 10. Rxf2 Bxf2+ 11. Kxf2 Qh4+ 12. Kg1 Qd4+ 13. Kh1 Qxe5 14.
Bd2 O-O 15. Bc3 Qg5 16. Nd2 d5 17. Nf3 Qe7 18. b4 Bg4 19. Qf1 Bxf3 20. Qxf3 Qg5
21. Rf1 Rab8 22. Qh3 h6 23. a3 Rbe8 24. Bd4 Re6 25. Qf3 Qh4 26. Bxa7 Rf6 27.
Qe3 Rxf1+ 28. Bxf1 Qf6 29. Qd3 Qb2 30. Bd4 Qa2 31. Qb3 Qxb3 32. cxb3 Re8 33.
Kg1 Re1 34. a4 Rb1 35. a5 Rxb3 36. Bc5 d4 37. Kf2 g5 38. a6 g4 39. a7 Ra3 40.
Bxd4 f5 41. g3 h5 42. Bg2 Ra2+ 43. Ke3 Kf7 44. Bxc6 Ra3+ 45. Kf4 1-0

[Event "4. Open Hotel Avenida de Canarias 2010"]
[Site "Vecindario ESP"]
[Date "2010.07.22"]
[Round "6.31"]
[White "Alvarado Diaz, Alejandro"]
[Black "Guedes Lopez, Saul"]
[Result "1-0"]
[WhiteElo "2068"]
[BlackElo "1712"]
[PlyCount "83"]
[EventDate "2010.07.18"]
[EventType "swiss"]
[EventRounds "9"]
[EventCountry "ESP"]
[Source "lmi"]
[SourceDate "2010.07.18"]

1. d4 Nf6 2. Nf3 c5 3. e3 cxd4 4. exd4 d6 5. Bd3 g6 6. O-O Bg7 7. Re1 O-O 8.
Bg5 Re8 9. Nbd2 Nbd7 10. c3 Nb6 11. a4 Be6 12. a5 Nbd5 13. Bc4 Nc7 14. Qb3 Bxc4
15. Nxc4 Rb8 16. Re2 Ne6 17. Bd2 Qc7 18. Ree1 Rec8 19. Ne3 Bf8 20. h4 h6 21.
Nf1 Qc4 22. Qd1 Kh8 23. Qc1 Kh7 24. Ng3 Qd5 25. Qb1 h5 26. Qd3 Qc4 27. Qb1 Qd5
28. Qd1 Bh6 29. Bxh6 Kxh6 30. Qd2+ Kg7 31. Ng5 b6 32. a6 b5 33. Nxe6+ fxe6 34.
Ne2 e5 35. Qg5 exd4 36. Nxd4 e5 37. Nf5+ Kf7 38. Rad1 Qe6 39. Nxd6+ Kg7 40.
Nxc8 Qxc8 41. Rxe5 Qc7 42. Rde1 1-0

[Event "4. Open Hotel Avenida de Canarias 2010"]
[Site "Vecindario ESP"]
[Date "2010.07.22"]
[Round "6.32"]
[White "Korneev, Svyatoslav"]
[Black "Stojanovic, Kosara"]
[Result "1-0"]
[WhiteElo "1724"]
[BlackElo "1954"]
[PlyCount "83"]
[EventDate "2010.07.18"]
[EventType "swiss"]
[EventRounds "9"]
[EventCountry "ESP"]
[Source "lmi"]
[SourceDate "2010.07.18"]

1. c4 Nf6 2. g3 e6 3. Nf3 Be7 4. Bg2 d5 5. b3 Nbd7 6. O-O O-O 7. e3 c6 8. Qe2
e5 9. Bb2 Bd6 10. Nc3 Re8 11. Rfd1 Nf8 12. h3 Bf5 13. Nh4 Be6 14. d3 Ng6 15.
Nxg6 hxg6 16. cxd5 Nxd5 17. Ne4 Bc7 18. h4 f6 19. Nc5 Qc8 20. h5 gxh5 21. Nxe6
Qxe6 22. Qxh5 Rad8 23. Be4 Kf8 24. Bg6 Re7 25. Kg2 Qg8 26. Rh1 Red7 27. Bf5 Re7
28. Qg6 Ree8 29. Qg4 Re7 30. Rh2 g6 31. Bxg6 Rg7 32. Ba3+ Bd6 33. Bxd6+ Rxd6
34. Qc8+ Ke7 35. Qxg8 Rxg8 36. Rh7+ Kd8 37. Bf7 Rg5 38. Bxd5 Rxd5 39. Rxb7 Rxd3
40. Rh1 Kc8 41. Rxa7 Kb8 42. Rf7 1-0

[Event "4. Open Hotel Avenida de Canarias 2010"]
[Site "Vecindario ESP"]
[Date "2010.07.22"]
[Round "6.33"]
[White "Reyes Hidalgo, Alejandro"]
[Black "Guerrero Romero, Antonio"]
[Result "1/2-1/2"]
[WhiteElo "1613"]
[BlackElo "1911"]
[PlyCount "100"]
[EventDate "2010.07.18"]
[EventType "swiss"]
[EventRounds "9"]
[EventCountry "ESP"]
[Source "lmi"]
[SourceDate "2010.07.18"]

1. e4 c6 2. Nc3 d5 3. exd5 cxd5 4. d4 Nc6 5. Be2 Nf6 6. Nf3 e6 7. a3 a6 8. Bf4
Be7 9. O-O O-O 10. Bd3 Bd7 11. Ne2 Rc8 12. c3 Nh5 13. Bd2 g6 14. Nf4 Nxf4 15.
Bxf4 Bf6 16. Re1 Re8 17. a4 Na5 18. Ne5 Nc4 19. Bxc4 dxc4 20. Nxd7 Qxd7 21. Qf3
Qd5 22. Qxd5 exd5 23. Kf1 Re6 24. Rxe6 fxe6 25. Re1 Kf7 26. g3 Rc6 27. Re2 b5
28. axb5 axb5 29. Ke1 b4 30. h4 Ra6 31. Kd2 Ra2 32. Ke3 b3 33. Bd6 h6 34. Ba3
Ra1 35. Kf3 Rc1 36. Bd6 g5 37. h5 Be7 38. Be5 Rc2 39. Ke3 Rxe2+ 40. Kxe2 Ba3
41. Bc7 Bxb2 42. Kd2 Ba3 43. g4 Ke7 44. f4 Kf7 45. fxg5 hxg5 46. Bd8 Be7 47.
Bxe7 Kxe7 48. Kc1 Kf6 49. Kd2 e5 50. dxe5+ Kxe5 1/2-1/2

[Event "4. Open Hotel Avenida de Canarias 2010"]
[Site "Vecindario ESP"]
[Date "2010.07.22"]
[Round "6.35"]
[White "Santana Benitez, Romen"]
[Black "Viera Falcon, Cristo"]
[Result "0-1"]
[WhiteElo "1573"]
[BlackElo "1782"]
[PlyCount "55"]
[EventDate "2010.07.18"]
[EventType "swiss"]
[EventRounds "9"]
[EventCountry "ESP"]
[Source "lmi"]
[SourceDate "2010.07.18"]

1. d4 Nf6 2. c4 e6 3. Nc3 b6 4. Bg5 Be7 5. e4 Bb7 6. Bd3 d5 7. e5 Ne4 8. Bxe7
Nxc3 9. bxc3 Qxe7 10. cxd5 Bxd5 11. Qg4 f5 12. exf6 gxf6 13. Bb5+ Kf8 14. Nf3
Rg8 15. Qh3 Be4 16. g4 Qa3 17. Qh6+ Ke7 18. Qe3 Bd5 19. Qd3 Rxg4 20. Qxh7+ Kd6
21. Nd2 Qxc3 22. Ke2 Rxd4 23. Rhd1 Rxd2+ 24. Rxd2 Qe5+ 25. Kd3 Qxa1 26. Qh6
Qb1+ 27. Kd4 Qb4+ 28. Ke3 0-1

[Event "4. Open Hotel Avenida de Canarias 2010"]
[Site "Vecindario ESP"]
[Date "2010.07.22"]
[Round "6.36"]
[White "Ramirez Medina, Victor"]
[Black "Perez Martin, Alain"]
[Result "1-0"]
[WhiteElo "1794"]
[BlackElo "1607"]
[PlyCount "73"]
[EventDate "2010.07.18"]
[EventType "swiss"]
[EventRounds "9"]
[EventCountry "ESP"]
[Source "lmi"]
[SourceDate "2010.07.18"]

1. e4 e5 2. Nf3 Nc6 3. Bb5 Bc5 4. c3 Nf6 5. d4 exd4 6. e5 Qe7 7. cxd4 Bb4+ 8.
Nc3 h6 9. O-O Nh7 10. Nd5 Qd8 11. Bxc6 dxc6 12. Nxb4 Bg4 13. Nc2 Ng5 14. Ne3
Nxf3+ 15. gxf3 Bh3 16. Ng2 Qd7 17. Re1 g5 18. Kh1 O-O-O 19. Be3 h5 20. Bxg5
Rdg8 21. f4 Rh7 22. Re3 Rhg7 23. Rg3 Bg4 24. Qd3 Qd5 25. f3 Be6 26. Ne3 Qa5 27.
Nf5 Bxf5 28. Qxf5+ Kb8 29. Bh4 Rxg3 30. Bxg3 Qd2 31. Qxf7 Rh8 32. Rf1 Rd8 33.
e6 Qe2 34. Rf2 Qe1+ 35. Kg2 Qe3 36. f5 b6 37. Qxc7+ 1-0

[Event "4. Open Hotel Avenida de Canarias 2010"]
[Site "Vecindario ESP"]
[Date "2010.07.22"]
[Round "6.37"]
[White "Marrero Cardenes, Agustin"]
[Black "Morales Hengmith, Chantal"]
[Result "1/2-1/2"]
[WhiteElo "1788"]
[BlackElo "1592"]
[PlyCount "20"]
[EventDate "2010.07.18"]
[EventType "swiss"]
[EventRounds "9"]
[EventCountry "ESP"]
[Source "lmi"]
[SourceDate "2010.07.18"]

1. d4 Nf6 2. c4 c5 3. dxc5 Qa5+ 4. Nc3 Qxc5 5. e3 g6 6. Nf3 Bg7 7. Be2 O-O 8.
O-O d6 9. a3 Nbd7 10. b4 Qc7 1/2-1/2

[Event "4. Open Hotel Avenida de Canarias 2010"]
[Site "Vecindario ESP"]
[Date "2010.07.22"]
[Round "6.38"]
[White "Rivas Crespo, Alejandro"]
[Black "Carmona Ojeda, Victor"]
[Result "1/2-1/2"]
[WhiteElo "1755"]
[BlackElo "1540"]
[PlyCount "164"]
[EventDate "2010.07.18"]
[EventType "swiss"]
[EventRounds "9"]
[EventCountry "ESP"]
[Source "lmi"]
[SourceDate "2010.07.18"]

1. e4 c5 2. Nf3 Nc6 3. d4 cxd4 4. Nxd4 Nf6 5. Nc3 g6 6. Be3 Bg7 7. f3 O-O 8.
Bc4 d6 9. Qd2 Nd7 10. O-O Qa5 11. a3 Qh5 12. Nd5 Nde5 13. Ba2 e6 14. Nf4 Qh4
15. c3 Rd8 16. Nfe2 Qe7 17. b4 Qc7 18. Rac1 b6 19. c4 a6 20. h3 Nxd4 21. Nxd4
Bb7 22. f4 Nd7 23. f5 e5 24. Ne2 Bxe4 25. Ng3 Nf6 26. fxg6 Bxg6 27. Bg5 Ne4 28.
Nxe4 Bxe4 29. Bxd8 Rxd8 30. c5 d5 31. cxb6 Qxb6+ 32. Kh2 Bh6 33. Qd1 Bxc1 34.
Qxc1 Kg7 35. Qg5+ Qg6 36. Qxe5+ Kg8 37. g3 Qh6 38. Rf4 Qd6 39. Qg5+ Kf8 40. Rf6
Qc7 41. Rf2 Rc8 42. Bxd5 Bxd5 43. Qxd5 Rd8 44. Rxf7+ Qxf7 45. Qxd8+ Kg7 46.
Qd4+ Kg8 47. Qg4+ Kh8 48. Qc8+ Kg7 49. Qc2 Qf6 50. a4 Qb6 51. Qc5 Qf6 52. Qc7+
Kg8 53. Qc2 Qb6 54. Qd2 Kg7 55. h4 Qb7 56. Qb2+ Kg8 57. b5 axb5 58. axb5 Qb6
59. Qd2 Kh8 60. Qc3+ Kg8 61. Kg2 Qd6 62. Qc8+ Kg7 63. Qg4+ Kh8 64. Kh3 Qd3 65.
Qf4 Kg7 66. b6 Qb1 67. Qe3 Qf1+ 68. Kg4 Qb1 69. h5 Qd1+ 70. Qf3 Qd4+ 71. Kh3
Qxb6 72. Qg4+ Kh8 73. Qf5 Kg7 74. Kh4 Qc6 75. Qe5+ Kg8 76. Kg5 Qc1+ 77. Qf4
Qc5+ 78. Kh4 Qc6 79. h6 Qh1+ 80. Kg5 Qd5+ 81. Qf5 Qxf5+ 82. Kxf5 Kh8 1/2-1/2

[Event "4. Open Hotel Avenida de Canarias 2010"]
[Site "Vecindario ESP"]
[Date "2010.07.22"]
[Round "6.39"]
[White "Arencibia Jimenez, Jose Francis"]
[Black "Biscarri Candalia, Oscar"]
[Result "1/2-1/2"]
[WhiteElo "1744"]
[BlackElo "1527"]
[PlyCount "70"]
[EventDate "2010.07.18"]
[EventType "swiss"]
[EventRounds "9"]
[EventCountry "ESP"]
[Source "lmi"]
[SourceDate "2010.07.18"]

1. d4 d5 2. c4 e6 3. Nc3 Nf6 4. Bg5 Nbd7 5. Nf3 Be7 6. e3 O-O 7. Bd3 dxc4 8.
Bxc4 c5 9. dxc5 Nxc5 10. O-O b6 11. Qe2 Bb7 12. Rfd1 Qc7 13. Nb5 Qb8 14. Bf4
Bxf3 15. Qxf3 e5 16. Bg5 a6 17. Nc3 Ra7 18. Bxf6 Bxf6 19. Nd5 Be7 20. a3 b5 21.
Ba2 Ne6 22. Nxe7+ Rxe7 23. Qc6 Qb7 24. Qxb7 Rxb7 25. Bxe6 fxe6 26. Rd6 Kf7 27.
e4 Ra7 28. Rad1 Kf6 29. Rc6 Rff7 30. Rdd6 Rfe7 31. Kf1 Rac7 32. Ke2 Rxc6 33.
Rxc6 Ra7 34. Ke3 g5 35. g3 Ke7 1/2-1/2

[Event "4. Open Hotel Avenida de Canarias 2010"]
[Site "Vecindario ESP"]
[Date "2010.07.22"]
[Round "6.40"]
[White "Suarez Ramirez, Jonay"]
[Black "Ruiz Delgado, Basilio"]
[Result "0-1"]
[WhiteElo "1444"]
[BlackElo "1720"]
[PlyCount "58"]
[EventDate "2010.07.18"]
[EventType "swiss"]
[EventRounds "9"]
[EventCountry "ESP"]
[Source "lmi"]
[SourceDate "2010.07.18"]

1. d4 d5 2. c4 c6 3. cxd5 cxd5 4. Nc3 Nf6 5. Nf3 e6 6. Bg5 Be7 7. e3 O-O 8. Bd3
h6 9. Bxf6 Bxf6 10. O-O a6 11. Rc1 b5 12. a3 Nd7 13. Bb1 Bb7 14. Qd3 g6 15. Ne2
Bg7 16. Qc3 Rc8 17. Qd2 Qe7 18. Rxc8 Rxc8 19. Rc1 Nb6 20. Rxc8+ Bxc8 21. Ba2
Nc4 22. Bxc4 dxc4 23. Nc3 Bb7 24. e4 Qd7 25. Qe3 a5 26. b4 cxb3 27. Qe2 b4 28.
axb4 a4 29. h3 a3 0-1

[Event "4. Open Hotel Avenida de Canarias 2010"]
[Site "Vecindario ESP"]
[Date "2010.07.22"]
[Round "6.41"]
[White "Rodriguez Mellado, Antonio"]
[Black "Manchon Santana, Alberto"]
[Result "1-0"]
[WhiteElo "1716"]
[BlackElo "1312"]
[PlyCount "53"]
[EventDate "2010.07.18"]
[EventType "swiss"]
[EventRounds "9"]
[EventCountry "ESP"]
[Source "lmi"]
[SourceDate "2010.07.18"]

1. e4 c5 2. Nf3 d6 3. e5 Nc6 4. exd6 exd6 5. Bb5 Bd7 6. O-O Nf6 7. d4 g6 8. Bg5
Bg7 9. Bxc6 bxc6 10. dxc5 dxc5 11. Nc3 O-O 12. Ne5 Be8 13. Qxd8 Rxd8 14. Ng4
Rd6 15. Nxf6+ Bxf6 16. Ne4 Bxg5 17. Nxd6 Bd7 18. Rad1 Be6 19. b3 Bf6 20. Ne4
Be7 21. c4 a5 22. h3 Ra8 23. Nc3 Bf6 24. Na4 Be7 25. f4 f5 26. Rfe1 Bf7 27.
Rxe7 1-0

[Event "4. Open Hotel Avenida de Canarias 2010"]
[Site "Vecindario ESP"]
[Date "2010.07.23"]
[Round "7.1"]
[White "Vidarte Morales, Arturo"]
[Black "Munoz Pantoja, Miguel"]
[Result "0-1"]
[WhiteElo "2409"]
[BlackElo "2494"]
[PlyCount "108"]
[EventDate "2010.07.18"]
[EventType "swiss"]
[EventRounds "9"]
[EventCountry "ESP"]
[Source "lmi"]
[SourceDate "2010.07.18"]

1. d4 Nf6 2. c4 c5 3. d5 g6 4. Nc3 Bg7 5. Nf3 d6 6. e4 O-O 7. h3 e6 8. Bd3 exd5
9. exd5 Re8+ 10. Be3 Bh6 11. O-O Bxe3 12. fxe3 Qe7 13. e4 a6 14. Qd2 Nbd7 15.
Qh6 Nh5 16. Ng5 f6 17. Ne6 Ne5 18. Rad1 Ng7 19. Nxg7 Qxg7 20. Qxg7+ Kxg7 21.
Be2 Bd7 22. b3 Rab8 23. Rf2 b5 24. cxb5 axb5 25. Bf1 b4 26. Nb1 Ra8 27. Rb2 Ra5
28. Nd2 Rea8 29. Ra1 Bb5 30. Kf2 Nd3+ 31. Bxd3 Bxd3 32. Ke3 Bb5 33. Kf3 Ra3 34.
Kf2 f5 35. exf5 gxf5 36. Nf3 Bd3 37. Nd2 Kf6 38. Nf3 Be4 39. Kg3 R8a6 40. Kf4
Bxd5 41. Rd1 Be6 42. Ng5 Bg8 43. Rdd2 h6 44. Nf3 d5 45. Re2 Re6 46. Rxe6+ Bxe6
47. Ke3 Ke7 48. Kd2 f4 49. Kc1 Kd6 50. Rd2 Bf5 51. Kb2 Be4 52. Ne1 Ke5 53. Nf3+
Bxf3 54. gxf3 c4 0-1

[Event "4. Open Hotel Avenida de Canarias 2010"]
[Site "Vecindario ESP"]
[Date "2010.07.23"]
[Round "7.2"]
[White "Salgado Lopez, Ivan"]
[Black "Larino Nieto, David"]
[Result "1-0"]
[WhiteElo "2607"]
[BlackElo "2461"]
[PlyCount "55"]
[EventDate "2010.07.18"]
[EventType "swiss"]
[EventRounds "9"]
[EventCountry "ESP"]
[Source "lmi"]
[SourceDate "2010.07.18"]

1. d4 Nf6 2. c4 g6 3. Nc3 Bg7 4. e4 d6 5. f3 Nbd7 6. Nh3 c5 7. d5 a6 8. a4 O-O
9. Nf2 Re8 10. Be2 e6 11. O-O exd5 12. cxd5 Rb8 13. Bg5 Qc7 14. Qd2 Nh5 15. f4
h6 16. Bh4 Nxf4 17. Qxf4 g5 18. Bxg5 hxg5 19. Qxg5 Ne5 20. Qh5 c4 21. Ncd1 Ng6
22. Bg4 Qc5 23. Kh1 Re5 24. Bf5 Qd4 25. Ng4 Bxf5 26. exf5 Rxd5 27. Nc3 Ra5 28.
Rad1 1-0

[Event "4. Open Hotel Avenida de Canarias 2010"]
[Site "Vecindario ESP"]
[Date "2010.07.23"]
[Round "7.3"]
[White "Vera Gonzalez-Quevedo, Reynaldo"]
[Black "Kurajica, Bojan"]
[Result "1/2-1/2"]
[WhiteElo "2513"]
[BlackElo "2528"]
[PlyCount "63"]
[EventDate "2010.07.18"]
[EventType "swiss"]
[EventRounds "9"]
[EventCountry "ESP"]
[Source "lmi"]
[SourceDate "2010.07.18"]

1. d4 Nf6 2. c4 e6 3. Nc3 Bb4 4. Qc2 d6 5. a3 Bxc3+ 6. Qxc3 O-O 7. f3 c5 8.
dxc5 dxc5 9. Bf4 Qe7 10. O-O-O Ne8 11. e4 Nc6 12. e5 f6 13. Bd3 Qc7 14. Nh3
fxe5 15. Bg3 Nf6 16. Rhe1 Bd7 17. Bxe5 Nxe5 18. Qxe5 Rac8 19. Ng5 Rfe8 20. Bc2
h6 21. Nh3 Qxe5 22. Rxe5 g5 23. Nf2 Re7 24. Ne4 Nxe4 25. Bxe4 Rc7 26. h4 Rg7
27. Rh1 Kf7 28. hxg5 hxg5 29. Rh6 b6 30. Kd2 Rc8 31. Kc3 a5 32. g4 1/2-1/2